01610cam a22002298i 450000500170000002000180001702000180003508200360005310000340008924500930012326000510021630000180026750400510028550504320033652003580076865000340112665000350116065000390119594200130123499900190124795201140126620260623132225.0 a9781009216289 a978100921624100aR 658.18 LAL/M223/eng/202212301 aLall, Ranjit,eauthor.91684310aMaking international institutions work :bthe politics of performance /cby Ranjit Lall. a. -U K b: Cambdridge University Pressc, 2023 axiv+378 pages aIncludes bibliographical references and index.0 aInternational Institutions and the Performance Puzzle -- A Theory of Institutional Performance -- Learning from Assessment: Quantitative Tests on 54 Institutions -- Performing for Scraps: Comparing the FAO, the WFP, and IFAD -- The Performance of Life: Comparing the WHO, UNAIDS, Gavi, and GFATM -- Effective but Unaccountable? Autonomy and the Politics of Reform -- The Politics of Performance: Contributions and Implications. a"International institutions are essential for tackling urgent challenges facing the world, yet we know little about when they succeed, when they fail, and why. This book develops and systematically tests a new theory of institutional performance, offering fresh insights to students of international cooperation and practical lessons for policymakers"-- 0aInternational agencies916844 0aOrganizational behavior.91959 0aInternational organization.916845 2ddccREF c760959d760959 00102ddc4070aPOLbPOLcREFd2026-01-23l0oR 658.18 LAL/MpPOL23879r2026-06-23 13:24:22w2026-06-23yREF